00656nam a2200241 a 4500001001300000003000900013005001700022008004100039020001000080082001700090100001900107245003000126260002800156300000900184500003500193505001000228650001000238700001900248902000800267942000700275952011700282999001500399nice12345678IN_TiNIC20260116011533.0050524s1967 egya grp 000 0 ara  ac10000a246.558bMAN aMansoor, Yessi aAl-Salib Fi Jami-Il-Adyan aEgyptbAlexandriac1967 a119p aincludes index and biblioraphy2 aIndex aCross1 aMansoor, Yessi bSRS cBK 001040708StackRoom-aHMIbHMId2007-07-05g100.00l0o246.558 MANp03713r2007-07-05v100.00w2005-05-24yBK c2429d2429